Statistics for Rounded objects of the Solar System

Click here to take the quiz!

General Stats

  • This quiz has been taken 32 times
  • The average score is 21 of 33

Answer Stats

HintAnswer% Correct
Major PlanetJupiter
100%
StarSun
100%
Major PlanetMars
96%
Major PlanetMercury
96%
Major PlanetNeptune
96%
Minor PlanetPluto
96%
Major PlanetUranus
96%
Major PlanetEarth
92%
Major PlanetSaturn
92%
Major PlanetVenus
92%
SatelliteMoon
83%
SatelliteEuropa
75%
SatelliteIo
75%
SatelliteCallisto
71%
SatelliteTitan
71%
Minor PlanetCeres
67%
SatelliteGanymede
67%
Minor Planet
/ Satellite
Charon
58%
Minor PlanetEris
58%
Minor PlanetMakemake
54%
SatelliteTriton
54%
Minor PlanetHaumea
50%
SatelliteOberon
50%
SatelliteTitania
46%
SatelliteAriel
38%
SatelliteIapetus
38%
SatelliteMiranda
38%
SatelliteRhea
38%
SatelliteUmbriel
38%
SatelliteDione
33%
SatelliteEnceladus
33%
SatelliteMimas
29%
SatelliteTethys
29%

Score Distribution

Percentile by Number Answered

Percent of People with Each Score

Your Score History

You have not taken this quiz